Geography Quiz

Random Geography or World Quiz

A Map of Phantom Islands Quiz Stats

 Plays Quiz not verified by Sporcle

Score 0/10 Timer 03:00
0 Plays Today
% Correct
Juan de Lisboa
96.6%
Brasil
95.6%
Satanazes
93.7%
Bermeja
92.9%
Fata Morgana Land
92%
Kantia
92%
María de La Jara
89.2%
Jacquet Island
86.9%
Ernest Legouve Reef
85.6%
Los Jardines
65.7%

You're not logged in!

Compare scores with friends on all Sporcle quizzes.
OR
Log In

Sporcle TV

Today on Sporcle TV


Watch our educational content, quiz creation guides, and fun videos on Sporcle TV.

Show Comments

Extras

Top Quizzes Today


Score Distribution

Your Account Isn't Verified!

In order to create a playlist on Sporcle, you need to verify the email address you used during registration. Go to your Sporcle Settings to finish the process.

Report this User

Report this user for behavior that violates our Community Guidelines.

Details: